000 00859cab a2200253 4500
001 ABS57386
008 090401t1997 xxu||||| |||| 00| 0 eng d
035 _a(Sirsi) u79596
041 _aeng
100 _aJames, J.
245 _aAccounting - weighing up the net present value
260 _c1997
350 _a0
490 _aProperty Finance & Development
_v9(6) June 1997, 5-7(3)
520 _aExplains how Net Present Values are an invaluable tool for better decision-making, where the future costs and benefits of different competing actions are reduced to a single numerical value in current terms.
650 _aDECISION MAKING
650 _aFACILITIES MANAGEMENT
_96240
650 _aNET PRESENT VALUE
650 _aRUNNING COSTS
650 _aVALUATION METHODS
690 _aRATING AND VALUATION
942 _n0
948 _c14/07/1997
999 _c50055
_d50055